<?xml version="1.0" encoding="UTF-8"?>
<collection xmlns="http://www.loc.gov/MARC21/slim">
  <record>
    <leader>00000nam  2200000   4500</leader>
    <controlfield tag="001">INLIS000000000018276</controlfield>
    <controlfield tag="005">20240923024900</controlfield>
    <datafield tag="035" ind1="#" ind2="#">
      <subfield code="a">0010-0924000105</subfield>
    </datafield>
    <controlfield tag="007">ta</controlfield>
    <controlfield tag="008">240923###########################0######</controlfield>
    <datafield tag="245" ind1="#" ind2="#">
      <subfield code="a">SI MANISO :</subfield>
      <subfield code="b">Sistem Administrasis Distrik Berbasis Online /</subfield>
      <subfield code="c">Endang Irianti, S.IP., M.Tr.I.P</subfield>
    </datafield>
    <datafield tag="260" ind1="#" ind2="#">
      <subfield code="a">Makassar :</subfield>
      <subfield code="b">Puslatbang KMP LAN RI Makassar,</subfield>
      <subfield code="c">2023</subfield>
    </datafield>
    <datafield tag="300" ind1="#" ind2="#">
      <subfield code="a">31 ;</subfield>
      <subfield code="c">30</subfield>
    </datafield>
    <datafield tag="650" ind1="#" ind2="4">
      <subfield code="a">layanan administrasi distrik berbasis online</subfield>
    </datafield>
    <datafield tag="700" ind1=" " ind2="#">
      <subfield code="a">Cliff A. Japsenang, S.Sos., M.Si (Mentor)</subfield>
    </datafield>
    <datafield tag="700" ind1=" " ind2="#">
      <subfield code="a">Muhammad Yunus, S.IP., S.Psi., M. SI (Coach)</subfield>
    </datafield>
    <datafield tag="520" ind1="#" ind2="#">
      <subfield code="a">Sesuai dengan Peraturan Bupati Sorong Nomor 29 Tahun 2016 tentang Pembentukan dan Susunan Organisasi dan Tata Kerja Distrik Kabupaten Sorong, menyebutkan bahwa Distrik dibentuk dalam rangka meningkatkan koordinasi penyelenggaraan, pemerintahan, pelayanan publik, dan pemberdayaanmasyarakat kampung dan kelurahan.&#13;
Luas wilayah Distrik Mayamuk adalah 542,19 km2. Distrik Mayamuk adalah salah satu Distrik yang berada di wilayah Kabupaten Sorong Provinsi Papua Barat Daya yang berkedudukan di Kelurahan Makbalim. Kantor Distrik Mayamuk dibentuk berdasarkan Peraturan Daerah Nomor 21 Tahun 2007 tentang Organisasi dan tata kerja distrik pada Pemerintah Kabupaten Sorong tanggal 22 Desember 2007. Kendala yang sangat dirasakan sangat menghambat penyelenggaraan pelayanan kepada masyaraka karena kurangnya Sumber Daya Manusia yang berkompeten dan jarak yang jauh dari kelurahan maupun perkampungan ke Kantor Distrik Mayamuk.</subfield>
    </datafield>
    <datafield tag="856" ind1="#" ind2="#">
      <subfield code="a">Puslatbang KMP LAN RI Makassar</subfield>
    </datafield>
  </record>
</collection>
